উত্তরবঙ্গের ভাওয়াইয়া ও বিয়ের গীত / (Record no. 10147)
[ view plain ]
| 000 -LEADER | |
|---|---|
| fixed length control field | 00785nam a2200229 a 4500 |
| 001 - CONTROL NUMBER | |
| JCCL Control Number | 10147 |
| 003 - CONTROL NUMBER IDENTIFIER | |
| JCCL marc code | BD-JhCC |
| 005 - DATE AND TIME OF LATEST TRANSACTION | |
| control field | 20180418184638.0 |
| 008 - FIXED-LENGTH DATA ELEMENTS--GENERAL INFORMATION | |
| fixed length control field | 180418s1979 bg |||| |||| 000 0 ben d |
| 035 ## - SYSTEM CONTROL NUMBER | |
| system control number | (BD-JhCC)10147 |
| 040 ## - CATALOGING SOURCE | |
| Original cataloging agency | BD-JhCC |
| Modifying agency | BD-JhCC |
| 041 ## - LANGUAGE CODE | |
| Language code of Book | ben |
| 082 ## - DEWEY DECIMAL CLASSIFICATION NUMBER | |
| Classification number | 398.3 |
| Author mark and Year | NAS 1979 |
| 100 ## - MAIN ENTRY--PERSONAL NAME | |
| Personal name | নাসির, কাজী |
| 245 ## - TITLE STATEMENT | |
| Title | উত্তরবঙ্গের ভাওয়াইয়া ও বিয়ের গীত / |
| Statement of responsibility, etc | কাজী নাসির |
| 260 ## - PUBLICATION, DISTRIBUTION, ETC. (IMPRINT) | |
| Place of publication, distribution, etc | ঢাকা : |
| Name of publisher, distributor, etc | ফোক্ মিউজিক কাউন্সিল, |
| Date of publication, distribution, etc | 1979. |
| 300 ## - PHYSICAL DESCRIPTION | |
| Pagination | 95 p. : |
| Dimensions | 24 cm. |
| 490 ## - SERIES STATEMENT | |
| Series statement | লোক সংগীত সংরক্ষণ গ্রন্থ-২ |
| 650 ## - SUBJECT ADDED ENTRY--TOPICAL TERM | |
| Topical term or geographic name as entry element | Folk Song |
| General subdivision | North Bengal |
| 942 ## - ADDED ENTRY ELEMENTS (KOHA) | |
| Source of classification or shelving scheme | Dewey Decimal Classification |
| Koha item type | Books |
| Source of classification or shelving scheme | Damaged status | Not for loan | Home library | Current library | Shelving location | Date of accession | Cost, normal purchase price | Total Checkouts | Full call number | Barcode | Date last seen | Copy number | Koha item type |
|---|---|---|---|---|---|---|---|---|---|---|---|---|---|
| Dewey Decimal Classification | JCC Rouf Library | JCC Rouf Library | General Stacks | 04/18/2018 | 16.00 | 398.3 NAS 1979 | 13042 | 04/18/2018 | C-1 | Books | |||
| Dewey Decimal Classification | JCC Rouf Library | JCC Rouf Library | General Stacks | 04/18/2018 | 16.00 | 398.3 NAS 1979 | 12692 | 04/18/2018 | C-2 | Books | |||
| Dewey Decimal Classification | JCC Rouf Library | JCC Rouf Library | General Stacks | 04/18/2018 | 16.00 | 398.3 NAS 1979 | 13158 | 04/18/2018 | C-3 | Books | |||
| Dewey Decimal Classification | JCC Rouf Library | JCC Rouf Library | General Stacks | 04/18/2018 | 16.00 | 398.3 NAS 1979 | 13460 | 04/18/2018 | C-4 | Books |